| 000 | 01460nam a2200301 a 4500 | ||
|---|---|---|---|
| 003 | OSt | ||
| 005 | 20250923085955.0 | ||
| 007 | cr ||||||a|a|a | ||
| 008 | 250819s2025 mx a|||fom||| 001 0 spa d | ||
| 040 | _erda | ||
| 100 | 1 |
_aVicuña Peralta, Luis Enrique _9190959 |
|
| 245 | 1 | 0 |
_aEvaluación del programa sembrando vida en Cuetzalan del Progreso, Puebla: _bejercicio presupuestal 2023 / _cpor Luis Enrique Vicuña Peralta; director de tesis José María Salas González; asesore Rubén Irvin Rojas Valdés, Santos Santillanes Chacón y Emilio López Gámez. |
| 264 | 1 |
_aChapingo, México : _bEl autor, _c2024. |
|
| 300 |
_a1 recurso en línea (79 páginas): _bcuadros, figuras. |
||
| 336 |
_2rdacontent _atexto _btxt |
||
| 337 |
_2rdamedia _acomputadora _bc |
||
| 338 |
_2rdacarrier _arecurso en línea _bcr |
||
| 502 |
_bIAESR _cSociología _d2024. _gLIC |
||
| 504 | _aIncluye referencias bibliográficas: 73-78 páginas. | ||
| 650 | 4 |
_aProgramas de desarrollo _xEvaluación _zPuebla _9132506 |
|
| 650 | 4 |
_aComunidades rurales _xProgramas de desarrollo _9132989 |
|
| 700 | 1 |
_aSalas González, José María _9101305 _edirector. |
|
| 700 | 1 |
_aRojas Valdés, Rubén Irvin _999383 _easesor |
|
| 700 | 1 |
_aSantillanes Chacón, Santos _9102417 _easesor |
|
| 700 | 1 |
_aLópez Gámez, Emilio _967926 _easesor |
|
| 856 |
_uhttp://10.13.5.2/tesis/tl/1612585-6_VICUNA_PERALTA_LUISENRIQUE.pdf _zDESCARGAR PDF |
||
| 942 |
_2Clasificación Universidad Autónoma Chapingo _cTD |
||
| 999 |
_c220836 _d220836 |
||